| 000 -LEADER |
| fixed length control field |
01168cam a2200289 a 4500 |
| 020 ## - INTERNATIONAL STANDARD BOOK NUMBER |
| ISBN |
9780821369678 |
| 020 ## - INTERNATIONAL STANDARD BOOK NUMBER |
| ISBN |
9780821369685 |
| 020 ## - INTERNATIONAL STANDARD BOOK NUMBER |
| ISBN |
0821369679 |
| 040 ## - CATALOGING SOURCE |
| Transcribing agency |
CaPaEBR |
| 082 ## - DEWEY DECIMAL CLASSIFICATION NUMBER |
| Classification number |
333 FAO 2013 C323 Or. |
| 245 04 - TITLE STATEMENT |
| Title |
The little green data book 2007. |
| 246 14 - VARYING FORM OF TITLE |
| Title proper/short title |
Little green data book 07 : |
| Remainder of title |
agriculture, forests and biodiversity, energy, emissions and pollution, water and sanitation, environment and health, national accounting aggregates |
| 300 ## - PHYSICAL DESCRIPTION |
| Number of Pages |
240 pages : |
| Other physical details |
illustrations |
| 500 ## - GENERAL NOTE |
| General note |
From the World Development Indicators. |
| 650 #0 - SUBJECT ADDED ENTRY--TOPICAL TERM |
| Topical Term |
Economic history |
| 650 #0 - SUBJECT ADDED ENTRY--TOPICAL TERM |
| Topical Term |
Economic development |
| 650 #0 - SUBJECT ADDED ENTRY--TOPICAL TERM |
| Topical Term |
Economic indicators |
| 650 #0 - SUBJECT ADDED ENTRY--TOPICAL TERM |
| Topical Term |
Social indicators |
| 710 2# - ADDED ENTRY--CORPORATE NAME |
| Corporate name or jurisdiction name as entry element |
World Bank |
| 710 2# - ADDED ENTRY--CORPORATE NAME |
| Corporate name or jurisdiction name as entry element |
ebrary, Inc. |
| 710 2# - ADDED ENTRY--CORPORATE NAME |
| Corporate name or jurisdiction name as entry element |
Thomson Gale (Firm) |
| 710 2# - ADDED ENTRY--CORPORATE NAME |
| Corporate name or jurisdiction name as entry element |
Serials Solutions |
| 856 40 - ELECTRONIC LOCATION AND ACCESS |
| Uniform Resource Identifier |
https://ezproxy.spl.org/login?url=https://link.gale.com/apps/pub/3HTY/BIG?sid=kbart&u=spl_main |
| 856 40 - ELECTRONIC LOCATION AND ACCESS |
| Uniform Resource Identifier |
https://ezproxy.spl.org/login?url=https://link.gale.com/apps/pub/3HTY/AONE?sid=kbart&u=spl_main |
| 856 40 - ELECTRONIC LOCATION AND ACCESS |
| Uniform Resource Identifier |
https://ezproxy.spl.org/login?url=https://link.gale.com/apps/pub/3HTY/ITOF?sid=kbart&u=spl_main |
| 942 ## - ADDED ENTRY ELEMENTS (KOHA) |
| Koha item type |
ADB |
| 952 ## - LOCATION AND ITEM INFORMATION (KOHA) |
| Withdrawn status [LOCAL, KOHA] |
0 |